000 00579nam a22001817a 4500
005 20240131094019.0
008 240131b |||||||| |||| 00| 0 eng d
020 _a9780702199974
041 _aEnglish
082 _a347.1 FRA
100 _aFrancis-Subbiah, R
_lEnglish
245 _aTaxation of Legal Costs in South Africa /
_cR Francis-Subbiah
250 _aFirst Edition
260 _aCape Town :
_bJuta and Company Law (Pty) Ltd,
_c2013
300 _bxlix, 442 pages ;
_c25,5 cm.
650 _aLegal practice
_bLaw
942 _cBK
_6ALISON_BN_VRIES
999 _c1314
_d1314